[Event "Online Friendship U12"]
[Site "Tornelo INT"]
[Date "2020.11.21"]
[Round "3.4"]
[White "Meszaros, Casey Ryan"]
[Black "Sezdbekova, Aizhan"]
[Result "0-1"]
[WhiteElo "1474"]
[BlackElo "1554"]
[PlyCount "102"]
[EventDate "2020.11.21"]
[EventType "team-swiss"]
[EventRounds "7"]
[EventCountry "BLR"]
[SourceTitle "CBM 199 Extra"]
[Source "ChessBase"]
[SourceDate "2021.01.31"]
[SourceVersion "1"]
[SourceVersionDate "2021.01.31"]
[SourceQuality "1"]
[WhiteTeam "Slovakia"]
[BlackTeam "Kyrgyzstan"]
[WhiteTeamCountry "SVK"]
[BlackTeamCountry "KGZ"]

1. e4 e5 2. Nf3 Nc6 3. Bb5 a6 4. Ba4 Nf6 5. 0-0 Be7 6. Nc3 b5 7. Bb3 0-0 8. Re1 d6 9. Nd5 Rb8 10. Nxf6+ Bxf6 11. Bd5 Ne7 12. d4 exd4 13. Nxd4 Bxd4 14. Qxd4 c6 15. Bb3 c5 16. Qd3 c4 17. Bxc4 bxc4 18. Qxc4 Rb6 19. Be3 Rxb2 20. Bd4 Rb8 21. Bc3 Be6 22. Qd4 f6 23. Re3 Qb6 24. Qd3 Rfc8 25. Rg3 Qb1+ 26. Qd1 Qxd1+ 27. Rxd1 Kf7 28. Rgd3 Rc6 29. f4 d5 30. exd5 Bxd5 31. Kf2 Bxa2 32. Ke3 Rbc8 33. Ra1 Be6 34. Bb4 Nd5+ 35. Rxd5 Bxd5 36. Kd4 Be6 37. c3 Bf5 38. Kd5 Re6 39. c4 Rd8+ 40. Kc5 Be4 41. Ba5 Rd3 42. Kb4 Bxg2 43. Bc7 Rc6 44. Bb8 Rb6+ 45. Kc5 Rxb8 46. Rxa6 Rc8+ 47. Kb6 Rb3+ 48. Ka5 Rxc4 49. Rxf6+ gxf6 50. f5 Bc6 51. h3 Ra4# 0-1

[Event "Online Friendship U12"]
[Site "Tornelo INT"]
[Date "2020.11.21"]
[Round "5.4"]
[White "Sezdbekova, Aizhan"]
[Black "Marchenkova, Varvara"]
[Result "1-0"]
[WhiteElo "1554"]
[BlackElo "1103"]
[PlyCount "69"]
[EventDate "2020.11.21"]
[EventType "team-swiss"]
[EventRounds "7"]
[EventCountry "BLR"]
[SourceTitle "CBM 199 Extra"]
[Source "ChessBase"]
[SourceDate "2021.01.31"]
[SourceVersion "1"]
[SourceVersionDate "2021.01.31"]
[SourceQuality "1"]
[WhiteTeam "Kyrgyzstan"]
[BlackTeam "Belarus FIDE Academy"]
[WhiteTeamCountry "KGZ"]
[BlackTeamCountry "BLR"]

1. e4 c5 2. Nf3 d6 3. c3 Nf6 4. Be2 g6 5. 0-0 Bg7 6. Qc2 0-0 7. d4 cxd4 8. cxd4 Nc6 9. Nc3 Bd7 10. Be3 a6 11. Rac1 Rc8 12. Qd2 Na5 13. Bh6 Nc4 14. Bxc4 Rxc4 15. Bxg7 Kxg7 16. e5 Nh5 17. Rfe1 dxe5 18. Nxe5 Rc8 19. Qe3 Nf6 20. Nxd7 Qxd7 21. Qxe7 Qxe7 22. Rxe7 Rfd8 23. Rxb7 Rxd4 24. Re1 Ne8 25. Ra7 Rd2 26. Rb7 Rcd8 27. a3 Nd6 28. Rb4 Nf5 29. h3 Nd4 30. Rb7 Nc2 31. Ree7 Rf8 32. Ne4 Rd1+ 33. Kh2 Rd4 34. Ng5 Rf4 35. Ne6+ 1-0

[Event "Online Olym Div2 A"]
[Site "Chess.com INT"]
[Date "2020.08.16"]
[Round "7.6"]
[White "Sezdbekova, Aizhan"]
[Black "Tarasenka, Aliaksandra"]
[Result "0-1"]
[WhiteElo "1441"]
[BlackElo "2070"]
[PlyCount "106"]
[EventDate "2020.08.14"]
[EventType "team-tourn (rapid)"]
[EventRounds "9"]
[EventCountry "USA"]
[SourceTitle "CBM 198"]
[Source "ChessBase"]
[SourceDate "2020.10.31"]
[SourceVersion "1"]
[SourceVersionDate "2020.10.31"]
[SourceQuality "1"]
[WhiteTeam "Kyrgyzstan"]
[BlackTeam "Belarus"]
[WhiteTeamCountry "KGZ"]
[BlackTeamCountry "BLR"]

1. e4 c5 2. Nf3 d6 3. c3 Nc6 4. Be2 Nf6 5. d4 cxd4 6. cxd4 Nxe4 7. d5 Qa5+ 8. Nc3 Nb8 9. 0-0 Nxc3 10. bxc3 Nd7 11. Bf4 g6 12. Qd4 Nf6 13. Bxd6 Qxd5 14. Qxd5 Nxd5 15. Bc5 Nxc3 16. Bc4 Bg7 17. Rfe1 e6 18. Rac1 Bd7 19. Bb4 Na4 20. Bb3 Nb6 21. Rc7 Kd8 22. Rcc1 Rc8 23. Rcd1 Bc3 24. Bxc3 Rxc3 25. Ne5 Ke7 26. h3 Rhc8 27. f4 R8c5 28. Kh2 Bc6 29. Rd2 Bd5 30. Bxd5 Nxd5 31. Rb1 b6 32. Rf1 Rc2 33. Rff2 Rxd2 34. Rxd2 f6 35. Nd3 Rc4 36. Kg3 Rd4 37. Kf3 Nxf4 38. Ke3 Rxd3+ 39. Rxd3 Nxd3 40. Kxd3 Kd6 41. g3 Kd5 42. a4 h5 43. Ke3 e5 44. Kd3 e4+ 45. Ke3 Ke5 46. Kd2 Kd4 47. Ke2 e3 48. Kd1 Kd3 49. Ke1 e2 50. h4 f5 51. Kf2 Kd2 52. Kf3 e1Q 53. Kf4 Qe3# 0-1

[Event "KGZ Olimp U16 qual"]
[Site "Bishkek"]
[Date "2019.09.08"]
[Round "6"]
[White "Sezdbekova, Aizhan"]
[Black "Sezdbekov, Almaz"]
[Result "1-0"]
[WhiteElo "1355"]
[BlackElo "1703"]
[PlyCount "46"]
[EventDate "2019.09.05"]
[EventType "swiss"]
[EventRounds "9"]
[EventCountry "KGZ"]
[SourceTitle "CBM 195 Extra"]
[Source "ChessBase"]
[SourceDate "2020.05.31"]
[SourceVersion "1"]
[SourceVersionDate "2020.05.31"]
[SourceQuality "1"]

1. d4 d5 2. c4 e6 3. e3 Nf6 4. Nc3 Bb4 5. Qa4+ Nc6 6. Bd2 Bxc3 7. Bxc3 0-0 8. Nf3 a6 9. Qc2 dxc4 10. Bxc4 Nd5 11. Bd2 Nb6 12. Bd3 h6 13. 0-0 Re8 14. Bc3 Nd5 15. Bd2 e5 16. dxe5 Nxe5 17. Nxe5 Rxe5 18. e4 Nf6 19. f4 Re7 20. Bc3 Nh7 21. Rad1 Qe8 22. f5 Nf6 23. Rfe1 Qc6 1-0

[Event "Moscow ACF Botvinnik Memorial"]
[Site "Moscow"]
[Date "2018.08.14"]
[Round "7.8"]
[White "Sezdbekova, Aizhan"]
[Black "Kovalev, Vladislav"]
[Result "0-1"]
[WhiteElo "1410"]
[BlackElo "2667"]
[PlyCount "86"]
[EventDate "2018.08.10"]
[EventType "team-swiss"]
[EventRounds "7"]
[EventCountry "RUS"]
[SourceTitle "CBM 186 Extra"]
[Source "ChessBase"]
[SourceDate "2018.08.24"]
[SourceVersion "1"]
[SourceVersionDate "2018.08.24"]
[SourceQuality "1"]
[WhiteTeam "Kyrgyzstan"]
[BlackTeam "Belarus"]
[WhiteTeamCountry "KGZ"]
[BlackTeamCountry "BLR"]

1. e4 c5 2. Nc3 Nc6 3. g3 g6 4. Bg2 Bg7 5. d3 d6 6. Nge2 h5 7. Be3 h4 8. h3 hxg3 9. Nxg3 Nd4 10. Bxd4 Bxd4 11. Qd2 Qa5 12. Nge2 Bg7 13. d4 cxd4 14. Nxd4 Nf6 15. f4 Bd7 16. 0-0-0 Rc8 17. Nf3 Rxc3 18. Qxc3 Qxc3 19. bxc3 Nxe4 20. Rhe1 f5 21. Ng5 Nxg5 22. fxg5 Kd8 23. Re3 b6 24. c4 Rh5 25. Bd5 Rxg5 26. Rh1 Bf6 27. Bf7 f4 28. Re2 Rg3 29. h4 Bg4 30. Rf2 Bd4 31. Rff1 Be3+ 32. Kb1 Be2 33. Re1 f3 34. Rh2 Rg1 35. Rxg1 Bxg1 36. Rh1 f2 37. Bxg6 f1Q+ 38. Kb2 Qf6+ 39. c3 Qxg6 40. a3 Bxc4 41. h5 Qg2+ 42. Kc1 Be3+ 43. Kb1 Qa2# 0-1